Municipis del Camp de Tarragona - Estadísticas

Estadísticas generales
  • Esta prueba ha sido intentada 81 veces
  • La puntuación promedio es 52 de 118
Estadísticas de respuestas
Comarca Població Municipi % Correcto
Baix Camp 106.168 Reus
96%
Tarragonès 131.507 Tarragona
91%
Tarragonès 26.233 Salou
88%
Alt Camp 24.477 Valls
88%
Baix Camp 34.734 Cambrils
86%
Conca de Barberà 6.767 Montblanc
86%
Priorat 2.834 Falset
81%
Tarragonès 15.726 Torredembarra
81%
Tarragonès 21.993 Vila-seca
81%
Tarragonès 5.089 Altafulla
79%
Baix Camp 6.569 Riudoms
77%
Baix Camp 5.683 La Selva del Camp
75%
Tarragonès 5.804 La Canonja
72%
Tarragonès 6.493 Constantí
70%
Alt Camp 5.144 Alcover
65%
Baix Camp 588 Prades
63%
Tarragonès 3.854 La Pobla de Mafumet
61%
Baix Camp 12.460 Mont-roig del Camp
61%
Tarragonès 3.631 El Morell
60%
Baix Camp 2.056 Les Borges del Camp
60%
Baix Camp 1.077 Botarell
56%
Alt Camp 585 La Riba
56%
Baix Camp 1.146 Riudecanyes
56%
Baix Camp 6.603 Vandellòs i l'Hospitalet de l'Infant
56%
Tarragonès 4.635 Els Pallaresos
54%
Tarragonès 6.354 Roda de Berà
54%
Tarragonès 545 Salomó
54%
Alt Camp 509 Nulles
53%
Baix Camp 1.189 Riudecols
53%
Baix Camp 2.828 Castellvell del Camp
51%
Conca de Barberà 3.857 Espluga de Francolí
51%
Baix Camp 2.909 Montbrió del Camp
51%
Conca de Barberà 1.596 Sarral
49%
Alt Camp 1.774 Vallmoll
49%
Baix Camp 1.783 Alforja
47%
Baix Camp 1.341 Almoster
47%
Tarragonès 1.704 La Riera de Gaià
47%
Alt Camp 729 Vilabella
47%
Conca de Barberà 1.052 Vimbodí i Poblet
47%
Baix Camp 2.124 Vinyols i els Arcs
47%
Alt Camp 930 Aiguamúrcia
46%
Tarragonès 4.251 El Catllar
46%
Tarragonès 2.795 La Pobla de Montornès
46%
Tarragonès 1.676 La Secuita
46%
Baix Camp 823 Maspujols
46%
Conca de Barberà 630 Solivella
46%
Conca de Barberà 149 Vilanova de Prades
46%
Conca de Barberà 438 Vilaverd
46%
Alt Camp 1.175 Cabra del Camp
44%
Baix Camp 244 Duesaigües
44%
Alt Camp 2.348 El Pla de Santa Maria
44%
Alt Camp 280 La Masó
44%
Tarragonès 563 La Nou de Gaià
44%
Alt Camp 458 Alió
42%
Priorat 941 Cornudella de Montsant
42%
Alt Camp 190 El Milà
42%
Tarragonès 1.253 Perafort
42%
Conca de Barberà 503 Barberà de la Conca
40%
Priorat 270 Els Guiamets
40%
Priorat 229 Gratallops
40%
Baix Camp 893 L'Aleixar
40%
Alt Camp 695 Bràfim
39%
Tarragonès 3.465 Creixell
39%
Alt Camp 372 El Rourell
39%
Baix Camp 40 La Febró
39%
Alt Camp 1.163 Puigpelat
39%
Tarragonès 2.340 Vilallonga del Camp
39%
Baix Camp 555 Vilaplana
39%
Alt Camp 1.276 Vila-rodona
39%
Alt Camp 190 Els Garidells
37%
Alt Camp 168 Mont-ral
37%
Baix Camp 565 Vilanova d'Escornalbou
37%
Conca de Barberà 57 Forès
35%
Priorat 594 Marçà
35%
Priorat 439 Porrera
35%
Baix Camp 726 Pratdip
35%
Tarragonès 153 Renau
35%
Conca de Barberà 3.035 Santa Coloma de Queralt
35%
Conca de Barberà 157 Vallfogona de Riucorb
35%
Conca de Barberà 141 Conesa
33%
Priorat 202 La Vilella Baixa
33%
Alt Camp 403 Montferri
33%
Conca de Barberà 475 Pira
33%
Conca de Barberà 46 Senan
33%
Tarragonès 424 Vespella de Gaià
33%
Conca de Barberà 414 Blancafort
32%
Priorat 216 La Bisbal de Falset
32%
Baix Camp 117 L'Argentera
32%
Priorat 136 La Vilella Alta
32%
Conca de Barberà 264 Rocafort de Queralt
32%
Conca de Barberà 108 Vallclara
32%
Priorat 280 Bellmunt del Priorat
30%
Conca de Barberà 174 Passanant i Belltall
30%
Baix Camp 127 Arbolí
28%
Baix Camp 168 Colldejou
28%
Baix Camp 500 L'Albiol
28%
Priorat 152 La Morera de Montsant
28%
Conca de Barberà 196 Les Piles
28%
Conca de Barberà 116 Llorac
28%
Priorat 313 Poboleda
28%
Alt Camp 518 Querol
28%
Alt Camp 494 Rodonyà
28%
Conca de Barberà 72 Savallà del Comtat
28%
Priorat 396 Ulldemolins
28%
Priorat 298 Cabacés
26%
Priorat 398 Capçanes
26%
Alt Camp 488 El Pont d'Armentera
26%
Priorat 97 Margalef
26%
Baix Camp 111 Capafonts
25%
Priorat 297 El Molar
25%
Conca de Barberà 139 Pontils
25%
Priorat 497 El Masroig
23%
Priorat 152 Pradell de la Teixeta
23%
Priorat 107 El Lloar
21%
Alt Camp 329 Figuerola del Camp
21%
Priorat 111 La Figuera
21%
Priorat 138 La Torre de Fontaubella
19%
Priorat 149 Torroja del Priorat
19%
No se encontraron pruebas coincidentes
Distribución de puntuación
Porcentaje de gente con cada puntuación
Porcentaje por número respondido
Historial de tus puntuaciones
No has intentado esta prueba.